• 首页
  • 本馆介绍
  • 公告通知
  • 最新文献
  • 馆藏检索
  • 电子资源
  • 读者导购
  • 参考咨询
  • 我的图书馆
  • 登录
  • 详细信息显示
  • 放入我的书架
  • 预约/预借图书
  • 作者相关作品
  • 分类相关作品
  • 丛书相关作品
  • 出版社相关作品

书目信息

  • 表格格式
  • 工作单格式
  • 卡片格式
题名:
水中运动疗法手册
    
 
作者: 侯晓晖 , 王坤 主编
分册:  
出版信息: 北京   华夏出版社  2017.01
页数: 164页
开本: 26cm
丛书名:
单 册:
中图分类: R455-62
科图分类:
主题词: 运动疗法--手册
电子资源:
ISBN: 978-7-5080-8998-0
000 01298nam0 2200277 450
001 0108153915
005 20210308154403.0
010    @a978-7-5080-8998-0@dCNY39.00
100    @a20170215d2017 em y0chiy50 ea
101 0  @achi
102    @aCN@b110000
105    @aa z 000yy
106    @ar
200 1  @a水中运动疗法手册@Ashui zhong yun dong liao fa shou ce@dThe practical guide to hydrokinesitherapy@f侯晓晖, 王坤主编@zeng
210    @a北京@c华夏出版社@d2017.01
215    @a164页@c图, 照片@d26cm
314    @a侯晓晖,女,博士,教授,硕士生导师。广州体育学院运动与健康系副主任,运动医学康复中心主任。
314    @a王珅,女,广州体育学院康复与健康教研室讲师,上海体育学院运动人体科学在读博士。
330    @a本书全面介绍了水中运动疗法的理论基础,康复计划的组织与实施,力量和耐力训练、平衡训练、改善关节活动度的训练、水中康复体操、游泳康复训练等常用训练方法,以及国外常用的水中运动疗法、体育游戏和常用仪器设备等。特别是在各种训练计划和操作步骤方面,有大量由专业人士亲身示范动作过程的图片,是一本非常实用的临床、康复必备手册。
510 1  @aPractical guide to hydrokinesitherapy@zeng
606 0  @a运动疗法@j手册
690    @aR455-62@v5
701  0 @a侯晓晖@Ahou xiao hui@4主编
701  0 @a王坤@Awang kun@4主编
801  0 @aCN@bBJSZM@c20210308
905    @b1272947-50@dR455-62@e141@f4
    
    水中运动疗法手册=The practical guide to hydrokinesitherapy/侯晓晖, 王坤主编.-北京:华夏出版社,2017.01
    164页:图, 照片;26cm
    
    
    ISBN 978-7-5080-8998-0:CNY39.00
    本书全面介绍了水中运动疗法的理论基础,康复计划的组织与实施,力量和耐力训练、平衡训练、改善关节活动度的训练、水中康复体操、游泳康复训练等常用训练方法,以及国外常用的水中运动疗法、体育游戏和常用仪器设备等。特别是在各种训练计划和操作步骤方面,有大量由专业人士亲身示范动作过程的图片,是一本非常实用的临床、康复必备手册。
●
相关链接 在E读中查询图书 在五车中查询图书 在当当中查询图书 在豆瓣中查询图书


正题名:水中运动疗法手册     索取号:R455-62/141         预约/预借

序号 登录号 条形码 馆藏地/架位号 状态 备注
1 1272947   212729476   第二样本阅览室/ [索取号:R455-62/141] 在馆    
2 1272948   212729485   教育系资料室/ [索取号:R455-62/141] 在馆    
3 1272949   212729494   教育系资料室/ [索取号:R455-62/141] 在馆    
4 1272950   212729500   第三借阅区/ [索取号:R455-62/141] 在馆    
唐山师范学院图书馆 欢迎您!
大连网信软件有限公司© 版权所有